Economìa mundial (Registro nro. 4980)

Detalles MARC
000 -LEADER
fixed length control field 01325 a2200229 4500
001 - CONTROL NUMBER
control field 50185
005 - DATE AND TIME OF LATEST TRANSACTION
control field 20260407155802.0
008 - FIXED-LENGTH DATA ELEMENTS--GENERAL INFORMATION
fixed length control field 260407a1953 arg spa d
003 - CONTROL NUMBER IDENTIFIER
control field AR-UNSa-BCEJYS
040 ## - CATALOGING SOURCE
Original cataloging agency AR-UNSa-BCEJYS
Language of cataloging spa
Transcribing agency AR-UNSa-BCEJYS
080 ## - UNIVERSAL DECIMAL CLASSIFICATION NUMBER
Universal Decimal Classification number 339.9
Common auxiliary subdivision Economía internacional en general. Relaciones económicas internacionales. Economía mundial
041 ## - LANGUAGE CODE
Language code of text/sound track or separate title spa
100 1# - MAIN ENTRY--PERSONAL NAME
Personal name Weber, Adolf
245 10 - TITLE STATEMENT
Title Economìa mundial
250 ## - EDITION STATEMENT
Edition statement 2a. ed.
264 #1 - PRODUCTION, PUBLICATION, DISTRIBUTION, MANUFACTURE, AND COPYRIGHT NOTICE
Place of production, publication, distribution, manufacture Barcelona :
Name of producer, publisher, distributor, manufacturer Labor
Date of production, publication, distribution, manufacture, or copyright notice 1953
300 ## - PHYSICAL DESCRIPTION
Extent 407 p.
Dimensions 23 cm.
505 ## - FORMATTED CONTENTS NOTE
Formatted contents note 1. La economía mundial, como economía de superación del espacio - 2. La población y sus necesidades - 3. Los dones de la naturaleza - 4. La economía nacional sabe sacar mucho partido de cosas pequeñas - 5. La lucha por los principios ordenadores en la economía nacional y universal - 6. La misión de la técnica en la economía nacional y en la mundial - 7. Métodos del comercio internacional de mercancías - 8. Sentido y contrasentido de las colonias - 9. Compensación internacional entre el Debe y el Haber - 10. Cómo la política internacional trabajó por la recuperación - 11. La comunidad de trabajo europea - 12. Necesidad y futuro de la economía mundial.
590 ## - LOCAL NOTE (RLIN)
Local note niveau_biblio:m niveau_hierar:0
700 1# - ADDED ENTRY--PERSONAL NAME
Personal name Payarols, Francisco
942 ## - ADDED ENTRY ELEMENTS (KOHA)
Koha item type
Existencias
Withdrawn status Lost status Damaged status Not for loan Home library Current library Shelving location Date acquired Total checkouts Full call number Barcode Date last seen Price effective from Koha item type
        Biblioteca Prof. Eusebio Cleto del Rey Biblioteca Prof. Eusebio Cleto del Rey   07/04/2026   339.9 W373 L20351 07/04/2026 07/04/2026 Libro
        Biblioteca Prof. Eusebio Cleto del Rey Biblioteca Prof. Eusebio Cleto del Rey   07/04/2026   339.9 W373 L20352 07/04/2026 07/04/2026 Libro